00310nam a2200121Ia 4500008004100000100002700041245004000068260003300108300000900141650001400150942000700164999001700171190216s9999||||xx |||||||||||||| ||und|| aThunjathu Ezhuthachan 0aRugmaniswayamvaram (krishana Gatha) bLilly Publishing Housec1971 a102p aKavithkal cBK c25163d25163